| 000 | 00793nam a22002777a 4500 | ||
|---|---|---|---|
| 003 | CHAP | ||
| 005 | 20220329133310.0 | ||
| 008 | 971013s1989 r 00010 d | ||
| 010 | _a4547 | ||
| 011 | _a5519 | ||
| 035 | _a4733 | ||
| 040 | _cCHAP | ||
| 090 | _aFolleto 13295 | ||
| 100 | 0 | 0 |
_aPew, Weymoth D. _987708 |
| 245 | _aGrowing head lettuce in Arizona | ||
| 260 |
_aTucson, Arizona : _bUniversity of Arizona. Cooperative Extensión Service, _c[1989 ?] |
||
| 300 | _a13 p. | ||
| 500 | _a53-397 | ||
| 590 |
_aBATCH-UPD _b10 _c20130110 _lUCH01 _h2141 |
||
| 590 |
_aCONVERSION _b10 _c20130109 _lUCH01 _h1304 |
||
| 650 | 1 | 4 |
_aLechuga _xArizona. _965454 |
| 650 | 1 | 4 |
_aLechuga _xCrecimiento. _965456 |
| 901 | _aBK | ||
| 942 | _cFOLL | ||
| 949 |
_aFolleto 13295 _bBC _cFOLL _d-14280 _eTS1 _i4733 _si |
||
| 999 |
_c4547 _d4547 |
||